| 000 | 00553nam a2200205 a 4500 | ||
|---|---|---|---|
| 020 | _a0844250767 | ||
| 040 | _cDLC | ||
| 082 | 0 | 0 | _a813 NAT 1994 A111 Or. |
| 245 | 0 | 0 |
_aComing of age : _bshort stories about youth & adolescence / |
| 260 |
_aLincolnwood, Ill. : _bNational Textbook Co., _cc1994. |
||
| 300 |
_a294 p. ; _c23 cm. |
||
| 500 | _aIncludes index. | ||
| 650 | 0 | _aAdolescence | |
| 650 | 0 | _aMaturation (Psychology) | |
| 650 | 0 | _aShort stories, American. | |
| 650 | 0 | _aTeenagers | |
| 650 | 0 | _aYouth | |
| 700 | 1 | _aEmra, Bruce. | |
| 942 | _cEK | ||
| 999 |
_c17162 _d17162 |
||